| 000 | 00745nam a2200277Ia 4500 | ||
|---|---|---|---|
| 003 | OSt | ||
| 005 | 20220912150620.0 | ||
| 006 | a|||||r|||| 00| 0 | ||
| 007 | ta | ||
| 008 | 220909b |||||||| |||| 00| 0 eng d | ||
| 024 | _a28387 | ||
| 037 | _cTextual | ||
| 040 |
_aCSL _beng _cCSL |
||
| 041 | _aeng | ||
| 082 | _aY72.297, L8-;1 | ||
| 100 | _aFrancke A H | ||
| 245 | 0 | _aLadakh: The mysterious land history of western himalayas | |
| 260 |
_aNew Delhi _b Cosmo Pub _c1978 |
||
| 300 |
_axiv, 191p. _ccm. |
||
| 490 | _aLand marks im Indian anthropology; 41 | ||
| 650 | _a India | ||
| 650 | _a Tribes | ||
| 650 | _aAnthropology | ||
| 942 |
_hY72.297, L8-;1 _cTEXL _2CC |
||
| 999 |
_c50998 _d50998 |
||